The culture of flowers

Αποθηκεύτηκε σε:
Λεπτομέρειες βιβλιογραφικής εγγραφής
Κύριος συγγραφέας: Goody, Jack
Μορφή: Βιβλίο
Γλώσσα:English
Δημοσίευση: Cambridge : Cambridge University Press, 1993
Θέματα:
Ετικέτες: Προσθήκη ετικέτας
Δεν υπάρχουν, Καταχωρήστε ετικέτα πρώτοι!

MARC

LEADER 00000nam a2200000 i 4500
001 1/92498
008 940127s1993 eng d
020 |a 0-521-42484-4 
035 |l 10008492 
040 |a GR-MY-UA  |b gre  |e aacr 
041 0 |a eng 
082 0 |a 302.222 
100 1 |a Goody, Jack. 
245 1 4 |a The culture of flowers /  |c Jack Goody 
260 |a Cambridge :   |b Cambridge University Press,   |c 1993 
300 |a 462 p.  |b ill 
500 |a Includes bibliographical references and index. 
650 0 0 |a Ethnobotany. 
650 0 0 |a Ethnobotany  |z Africa. 
650 0 0 |a Flowers  |x History. 
650 0 0 |a Flowers  |x Social aspects. 
650 0 0 |a Symbolism of flowers. 
852 |a INST  |b LESVOS  |e 19940127  |h 302.222 GOO  |p 005100006916  |q 005100006916  |t BK  |y 0 
909 |a Λ  |b 033866